nba jersey numbers - Statistics

General Stats
  • This quiz has been taken 21 times
  • The average score is 55 of 58
Answer Stats
player number % Correct
Devin Booker 1
100%
Dennis Rodman 10/73/91
100%
Jerry West 11/16
100%
Oscar Robertson 1/12/14
100%
James Harden 1/13
100%
Wilt Chamberlain 13
100%
Allen Iverson 1/3
100%
Steve Nash 13
100%
Tracy McGrady 1/3
100%
Kawhi Leonard 2
100%
Tim Duncan 21
100%
Joel Embiid 21
100%
Kyrie Irving 2/11
100%
Michael Jordan 23
100%
Moses Malone 2/4/8/22/24/20/13
100%
Kevin Garnett 2/5/21
100%
Dwayne Wade 3
100%
Chris Paul 3
100%
Anthony Davis 3
100%
Derrick rose 4
100%
Donovan Mitchell 45
100%
LeBron James 6/23
100%
Patrick Ewing 6/33
100%
Carmelo Anthony 7/15
100%
Kevin Durant 7/35
100%
Dwight Howard 8/12/21/39
100%
Kobe Bryant 8/24
100%
Bob Petit 9
100%
Russell Westbrook 0
95%
Damian Lillard 0
95%
John Stockton 12
95%
Nikola Jokic 15
95%
Rudy Gobert 27
95%
Stephen Curry 30
95%
Charles Barkley 32/34
95%
Kareem Abdul-Jabbar 33
95%
Larry Bird 33
95%
Scottie Pippen 33
95%
Hakeem Olajuwon 34
95%
Giannis Antetokounmpo 34
95%
Paul Pierce 34
95%
Shaquille O'neal 36/32/34/33
95%
Bill Russell 6
95%
Julius Erving 6
95%
Bob McAdoo 11
89%
Isiah Thomas 11
89%
Bob Cousey 14
89%
Clyde Drexler 22
89%
Wes Unseld 31/41
89%
Magic Johnson 32
89%
Karl Malone 32
89%
Bill Walton 32
89%
Dirk Nowitzki 41
89%
John Havlicek 17
84%
George Gervin 44
84%
David Robinson 50
84%
Luka Doncic 77
84%
George Mikan 99
79%
No matching quizzes found
Score Distribution
Percent of People with Each Score
Percentile by Number Answered
Your Score History
You have not taken this quiz